| 000 | 00919nam a22001937a 4500 | ||
|---|---|---|---|
| 999 |
_c62387 _d62387 |
||
| 003 | Ge_BSU | ||
| 005 | 20241021114438.0 | ||
| 008 | 241021s1961 ge ||||| |||| 00| 0 geo d | ||
| 041 | _ageo | ||
| 080 | _a612.8 პ-13 | ||
| 100 |
_a პავლოვი, ი.პ. _923463 |
||
| 245 |
_aრჩეული თხზულებანი = Избранные произведения / _cი.პ. პავლოვი; რედაქტორი: ა. საყვარელიძე. |
||
| 264 |
_aთბილისი: _bსაბჭოთა საქართველო, _c1961. |
||
| 300 |
_a 303 გვ.: _bპორტრეტი; _c22 სმ. |
||
| 653 | _aნერვიული სისტემის ფიზიოლოგია. | ||
| 653 | _aმედიცინა | ||
| 700 |
_aსაყვარელიძე, ა. _eრედაქტორი _923464 |
||
| 942 |
_2udc _cᲬᲘᲒᲜᲘ |
||